00389nam a2200157Ia 45000010006000000050017000060080041000230410008000640820020000721000027000922450057001192600009001763000032001856500006002176540008002232284820260414150858.0260414t2011||||xx |||||||||||||| ||spa|| aESP a624.15136bC73A aCoduto, Donald P.eAUT 0aGeotechnical engineering :bprinciples and practices c2011 axx, 794 páginas :c24 cm. a0 aCIC